000 00648nam a2200253Ia 4500
003 OSt
005 20220918221951.0
006 a|||||r|||| 00| 0
007 ta
008 220917b |||||||| |||| 00| 0 eng d
024 _a214,032
037 _cTextual
040 _aARTS
_cARTS
_beng
041 _2eng
_aeng
082 _aQ4:21, N2
100 _aAhir D.C
245 0 _aBuddhism in South India
260 _aDelhi
_bSri Satguru India
_c1992
300 _a187p.
_ccm.
490 _aBibliotheca Indo-Buddhica series; 112
650 _aRELIGION
942 _hQ4:21, N2
_cTEXL
_2CC
999 _c274104
_d274104